Козацьке братство. Лицарі України (Запис № 393622)

МАРК-запис
000 -Лідер
fixed length control field 00675nam a22002297a 4500
003 - Ідентифікатор контрольного номера
control field UA-OsUOA
001 - Контрольний номер
control field 107426
007 - Фіксоване поле фізичного опису
fixed length control field ta
008 - Елементи даних фіксованої довжини – загальна інформація
fixed length control field 20140813b un ||||| |||| 00| 0 ukr d
090 ## - Локальний шифр розміщення
Класифікаційний індекс УДК 94(477).04:929
Авторський знак (НП) К59
040 ## - Джерело каталогізації
Агенція оригінальної каталогізації UA-OsUOA
Мова каталогізації ukr
Агенція, яка здійснювала перезапис UA-OsUOA
Агенція, яка здійснювала модифікацію UA-OsUOA
041 ## - Код мови
Код мови тексту/ звукової доріжки чи окремого заголовка (П) ukr
080 ## - Індекс Універсальної десяткової класифікації
Індекс Універсальної десяткової класифікації (УДК) (НП) 94(477).04:929
020 ## - Міжнародний стандартний книжковий номер (ISBN)
Міжнародний стандартний книжковий номер (ISBN) (НП) 978-80-89689-01-9
245 ## - Відомості про назву
Назва (НП) Козацьке братство. Лицарі України
Дані про відповідальність (НП) О. П. Коцюба, Р. О. Коцюба
260 ## - Публікація, розповсюдження і т.п. (Вихідні дані)
Місце публікації, розповсюдження і т.п. (П) Братислава
Ім’я/ наймення видавництва, розповсюджувача і т.п. (П) ЕЦИИ
Дата публікації, розповсюдження і т.п. (П) 2014
300 ## - Фізичний опис
Обсяг 456 с.
650 #7 - Додаткове предметне введення – тематичний термін
Тематичний термін чи географічна назва, як елемент введення (НП) 9 Географія. Біографії. Історія
Джерело заголовка чи терміна UDC
942 ## - Додаткові елементи входу (Коха)
Тип елемента Koha Книги
955 ## - Код типу видання за змістом
Код типу видання за змістом (НП) Наукові видання
Фонди
Стан вилучень Стан втрат Джерело класифікації або схеми стелажів Стан уражень Не для кредиту Код колекції Постійне місце розташування Поточне розміщення Дата придбання Джерело придбання Вартість, звичайна ціна покупки Інвентарний номер Повний номер виклику Штрих-код Дата останнього перегляду Ціна ефективна від Тип елемента Koha Примітка, призначена для загального доступу Усього замовленно
    Universal Decimal Classification     Колекція Пасічника І.Д. ЧЗ - Читальна зала ЧЗ - Читальна зала 13/08/2014 27/2014 80.00 146107 94(477).04:929 К59 146107 07/02/2022 13/08/2014 Книги з автографом О. Коцюби  
    Universal Decimal Classification       ЧЗ - Читальна зала ЧЗ - Читальна зала 05/12/2014 44/2014 400.00 146942 94(477).04:929 К59 146942 07/02/2022 13/08/2014 Книги    
    Universal Decimal Classification       ЧЗ - Читальна зала ЧЗ - Читальна зала 05/12/2014 44/2014 400.00 146943 94(477).04:929 К59 146943 07/02/2022 13/08/2014 Книги    
    Universal Decimal Classification       ЧЗ - Читальна зала ЧЗ - Читальна зала 05/12/2014 44/2014 400.00 146944 94(477).04:929 К59 146944 07/02/2022 13/08/2014 Книги